Подводя итоги; Нефть России; № 1

Podrobná bibliografie
Parent link:Нефть России: аналитический журнал.— , 1996, 1999-2012
№ 1.— 2003.— С. 75-76
Hlavní autor: Бакиров Э.
Jazyk:ruština
Vydáno: 2003
Edice:Сессия №5
Témata:
Médium: MixedMaterials Kapitola
KOHA link:https://koha.lib.tpu.ru/cgi-bin/koha/opac-detail.pl?biblionumber=384275

MARC

LEADER 00000naa2a2200000 4500
001 384275
005 20231101063231.0
035 |a (RuTPU)RU\TPU\prd\10791 
090 |a 384275 
100 |a 20030219a2003 k y0rusy50 ca 
101 0 |a rus 
102 |a RU 
200 1 |a Подводя итоги  |f Э. Бакиров 
225 1 |a Сессия №5 
461 1 |0 (RuTPU)RU\TPU\prd\1610  |t Нефть России  |o аналитический журнал  |d 1996, 1999-2012 
463 1 |0 (RuTPU)RU\TPU\prd\10554  |t № 1  |v С. 75-76  |d 2003 
610 1 |a нефтегазовая отрасль 
610 1 |a международное энергетическое сотрудничество 
610 1 |a форум 
700 1 |a Бакиров  |b Э. 
801 1 |a RU  |b 63413507  |c 20030219  |g PSBO 
801 2 |a RU  |b 63413507  |c 20130801  |g RCR 
942 |c BK